000 00671cam a22002413a 4500
001 31005
003 PGUSA
005 20140828083654.0
008 100118s2010||||xxu|||||s|||||000 1 eng d
040 _aPGUSA
_beng
042 _adc
100 1 _aSwinnerton, Frank,
_d1884-1982
245 1 0 _aCoquette
_h[electronic resource] /
_cFrank Swinnerton
260 _bProject Gutenberg,
_c2010
506 _aPublic domain in the USA.
516 _aElectronic text
653 _aYoung women -- Fiction
653 _aLove stories
653 _aDressmakers -- Fiction
830 0 _aProject Gutenberg
_v31005
856 4 0 _uhttp://www.gutenberg.org/ebooks/31005
942 _cEB
999 _c260260
_d260260